Ľudské práva interdisciplinárna príručka
Gespeichert in:
| Weitere Verfasser: | , , |
|---|---|
| Format: | Buch |
| Sprache: | Slowakisch |
| Veröffentlicht: |
Bratislava
Kalligram
2017
|
| Ausgabe: | 1. vydanie |
| Schlagworte: | |
| Tags: |
Keine Tags, Fügen Sie das erste Tag hinzu!
|
MARC
| LEADER | 00000nam a2200000 4500 | ||
|---|---|---|---|
| 001 | 0245587 | ||
| 005 | 20240221115934.5 | ||
| 020 | |a 978-80-8101-960-9 | ||
| 041 | 0 | |a slo | |
| 044 | |a SK | ||
| 245 | 1 | 0 | |a Ľudské práva |b interdisciplinárna príručka |c editori: Arnd Pollmann, Georg Lohmann |
| 250 | |a 1. vydanie | ||
| 264 | 1 | |a Bratislava |b Kalligram |c 2017 | |
| 300 | |a 560 s. | ||
| 610 | 2 | 0 | |a práva ľudské |
| 610 | 2 | 0 | |a dejiny |
| 610 | 2 | 0 | |a filozofia |
| 610 | 2 | 0 | |a kresťanstvo |
| 610 | 2 | 0 | |a klasicizmus |
| 610 | 2 | 0 | |a osobnosť |
| 610 | 2 | 0 | |a právo |
| 610 | 2 | 0 | |a klasifikácia |
| 610 | 2 | 0 | |a koncepcie |
| 610 | 2 | 0 | |a ochrana ľudských práv |
| 610 | 2 | 0 | |a organizácie medzinárodné |
| 610 | 2 | 0 | |a konflikty |
| 610 | 2 | 0 | |a bezpečnosť |
| 700 | 1 | |a Pollmann, Arnd | |
| 700 | 1 | |a Lohmann, Georg | |
| 700 | 1 | |a Hornáček Banášová, Monika | |